Reactor design optimization in the process of oxidation desulfurization; Химия и химическая технология в XXI веке

Dades bibliogràfiques
Parent link:Химия и химическая технология в XXI веке.— 2020.— [С. 512-513]
Autor principal: Baklashkina K.
Autor corporatiu: Национальный исследовательский Томский политехнический университет Инженерная школа природных ресурсов Отделение химической инженерии
Altres autors: Samborskaya M. A. Marina Anatolievna (научный руководитель), Selina A. V.
Sumari:Заглавие с экрана
Idioma:anglès
Publicat: 2020
Col·lecció:Химия и химическая технология на иностранном языке
Matèries:
Accés en línia:http://earchive.tpu.ru/handle/11683/63489
Format: Electrònic Capítol de llibre
KOHA link:https://koha.lib.tpu.ru/cgi-bin/koha/opac-detail.pl?biblionumber=631980

MARC

LEADER 00000naa2a2200000 4500
001 631980
005 20231101133705.0
035 |a (RuTPU)RU\TPU\conf\33681 
035 |a RU\TPU\conf\33680 
090 |a 631980 
100 |a 20200929d2020 k y0rusy50 ba 
101 0 |a eng 
102 |a RU 
105 |a y z 101zy 
135 |a drcn ---uucaa 
181 0 |a i  
182 0 |a b 
200 1 |a Reactor design optimization in the process of oxidation desulfurization  |f K. Baklashkina  |g sci. adv. M. A. Samborskaya, A. V. Selina 
203 |a Текст  |c электронный 
225 1 |a Химия и химическая технология на иностранном языке 
230 |a 1 компьютерный файл (pdf; 900 Kb) 
300 |a Заглавие с экрана 
320 |a [Библиогр.: с. 513 (3 назв.)] 
463 0 |0 (RuTPU)RU\TPU\conf\32967  |t Химия и химическая технология в XXI веке  |o материалы XXI Международной научно-практической конференции студентов и молодых ученых имени выдающихся химиков Л. П. Кулёва и Н. М. Кижнера, посвященной 110-летию со дня рождения профессора А. Г. Стромберга, 21–24 сентября 2020 г., г. Томск  |f Национальный исследовательский Томский политехнический университет  |v [С. 512-513]  |d 2020 
610 1 |a электронный ресурс 
610 1 |a труды учёных ТПУ 
610 1 |a оптимизация 
610 1 |a реакторы 
610 1 |a окислительное обессеривание 
610 1 |a моторные топлива 
610 1 |a гидроочистка 
610 1 |a сера 
700 1 |a Baklashkina  |b K. 
702 1 |a Samborskaya  |b M. A.  |c Chemical Engineer  |c Associate Professor of Tomsk Polytechnic University, Candidate of chemical sciences  |f 1960-  |g Marina Anatolievna  |2 stltpush  |4 727 
702 1 |a Selina  |b A. V.  |4 727 
712 0 2 |a Национальный исследовательский Томский политехнический университет  |b Инженерная школа природных ресурсов  |b Отделение химической инженерии  |h 8085  |2 stltpush  |3 (RuTPU)RU\TPU\col\23513 
801 2 |a RU  |b 63413507  |c 20201125  |g RCR 
856 4 |u http://earchive.tpu.ru/handle/11683/63489 
942 |c BK